000 00642cab a2200217 4500
001 WB2549-07
008 090401t1989 xxu||||| |||| 00| 0 eng d
035 _a(Sirsi) u23539
041 _aeng
245 _aSports stadium design
260 _c1989
350 _a0
490 _aSunday Times
_v10/12/89 pB8
520 _aThe Skydome , an all-seat multi-purpose stadium with a retractable roof, could be the solution to Britain`s problems of safety and inclement weather at sporting events.
650 _aCANADA
650 _aSPORTS STADIA
650 _aTORONTO
690 _aBUILT ENVIRONMENT
942 _n0
948 _c04/03/1997
999 _c15734
_d15734